Asociaciones público-privadas (Registro nro. 184876)
[ vista simple ]
| 000 -ENCABEZADO | |
|---|---|
| Número de control [NR] | 01133nam a22002657a 4500 |
| 005 - FECHA Y HORA DE LA ÚLTIMA TRANSACCIÓN | |
| control field | 20160414111158.0 |
| 008 - DE LONGITUD FIJA DE DATOS DE ELEMENTOS - INFORMACIÓN GENERAL | |
| Elementos de longitud fija [NR] | 140203s2013 ck frn 000 0 spa d |
| 020 ## - NUMERO INTERNACIONAL NORMALIZADO PARA LIBROS [R] | |
| Número Internacional Normalizado del libro [NR] | 9789587384451 |
| 040 ## - FUENTE DE CATALOGACION [NR] | |
| Agencia de catalogación original [NR] | CO-BoUCM |
| Idioma de catalogación [NR] | spa |
| Quien Cataloga | Jose A. Gerena (modificó) |
| Quien Clasifica | [Nuevo] |
| 041 0# - CODIGO DE IDIOMA [R] | |
| Código de idioma para texto/pista de sonido o título separado [R] | Español |
| 100 1# - ASIENTO PRINCIPAL--NOMBRE PERSONAL [NR] | |
| Nombre personal [NR] | Hernández Ucrós, María Mónica |
| ID Autoridad | 54687 |
| 245 10 - MENCION DE TITULO [NR] | |
| Título [NR] | Asociaciones público-privadas |
| Parte restante del título [NR] | comentarios especiales a la Ley 1508 de 2012 de la República de Colombia |
| Mención de responsabilidad, etc. [NR] | María Mónica Hernández Ucrós |
| 260 ## - PUBLICACION, DISTRIBUCION, ETC. (PIE DE IMPRENTA) [R] | |
| Lugar de publicación, distribución, etc. [R] | Bogotá (Colombia) |
| Nombre del editor, distribuidor, etc. [R] | Editorial Universidad del Rosario |
| Fecha de publicación, distribución, etc. [R] | 2013 |
| 300 ## - DESCRIPCION FISICA [R] | |
| Extensión [R] | xix, 116 páginas |
| 490 0# - MENCION DE SERIE [R] | |
| Mención de serie [R] | Colección Textos de Jurisprudencia |
| 504 ## - NOTA DE BIBLIOGRAFIA, ETC. [R] | |
| Nota de bibliografía, etc. [NR] | Incluye referencias bibliográficas |
| 650 #7 - ASIENTO SECUNDARIO DE MATERIA - TERMINO TEMATICO [R] | |
| Término temático o nombre geográfico como elemento de entrada [NR] | Administración pública |
| Subdivisión geográfica [R] | Colombia |
| 9 (RLIN) | 8610 |
| 650 #7 - ASIENTO SECUNDARIO DE MATERIA - TERMINO TEMATICO [R] | |
| Término temático o nombre geográfico como elemento de entrada [NR] | Burocracia |
| Subdivisión geográfica [R] | Colombia |
| 9 (RLIN) | 55002 |
| 650 #7 - ASIENTO SECUNDARIO DE MATERIA - TERMINO TEMATICO [R] | |
| Término temático o nombre geográfico como elemento de entrada [NR] | Contratación estatal |
| 9 (RLIN) | 11807 |
| 650 #7 - ASIENTO SECUNDARIO DE MATERIA - TERMINO TEMATICO [R] | |
| Término temático o nombre geográfico como elemento de entrada [NR] | Contratos administrativos |
| 9 (RLIN) | 7452 |
| 690 ## - ASUNTO AGREGADO LOCAL DE ENTRADA - TÉRMINO TEMÁTICO (OCLC, RLIN) | |
| Acceso temático local | Derecho administrativo |
| 9 (RLIN) | 12695 |
| 710 1# - ASIENTO SECUNDARIO - NOMBRE CORPORATIVO [R] | |
| 9 (RLIN) | 3801 |
| Nombre corporativo o de jurisdicción como elemento de entrada [NR] | Universidad Colegio Mayor de Nuestra Señora del Rosario |
| Unidad subordinada [R] | Facultad de Jurisprudencia |
| 942 ## - ELEMENTOS DE ENTRADA AGREGADOS (KOHA) | |
| Sistema de clasificación | DEWEY |
| Tema principal | Derecho |
| Tipo de ítem principal el descrito en 300a | Edición Rosarista |
| Edición | 1 |
| Parte restante de la signatura top. | H558 |
| Clasificación | 342.861 |
| Fecha de último préstamo | Total préstamos | Total Renewals | Signatura topográfica | Código de barras | Última vez visto | Ejemplar | Costo de reposición | Price effective from | Tipo de ítem | Perdido | Sistema de clasificación | Dañado | No prestable | Tipo de ítem específico | Suprimido | Ubicación habitual | Ubicación actual | Localización | Fecha de creación | Proveedor | Forma de adquisición | Costo |
|---|---|---|---|---|---|---|---|---|---|---|---|---|---|---|---|---|---|---|---|---|---|---|
| 07/03/2022 | 14 | 11 | 342.861 H558 | 100142896 | 06/06/2024 | Ej.3 | 19500.00 | 10/06/2014 | Libro | DEWEY | Libro | Bodega | Bodega | 3er piso | 10/06/2014 | 45 | Compra | 19500.00 | ||||
| 01/11/2014 | 1 | 342.861 H558 | 100142894 | 03/12/2025 | Ej.1 | 19500.00 | 10/06/2014 | Edición Rosarista | DEWEY | Libro Edición Rosarista | Claustro | Claustro | 4to piso | 10/06/2014 | 45 | Compra | 19500.00 |